LEADER 01016nam 2200349 450 001 9910136326303321 005 20221008091717.0 010 $a953-51-7230-1 010 $a953-51-1740-8 035 $a(CKB)3780000000054057 035 $a(NjHacI)993780000000054057 035 $a(EXLCZ)993780000000054057 100 $a20221008d2015 uy 0 101 0 $aeng 135 $aur||||||||||| 181 $ctxt$2rdacontent 182 $cc$2rdamedia 183 $acr$2rdacarrier 200 00$aPediatric nursing, psychiatric and surgical issues /$fedited by Oner Ozdemir 210 1$aRijeka, Crotia :$cInTech,$d[2015] 210 4$d©2015 215 $a1 online resource (vii, 165 pages) $cillustrations 606 $aPediatric nursing 615 0$aPediatric nursing. 676 $a610.7362 702 $aOzdemir$b Oner 801 0$bNjHacI 801 1$bNjHacl 906 $aBOOK 912 $a9910136326303321 996 $aPediatric Nursing, Psychiatric and Surgical Issues$92237526 997 $aUNINA LEADER 01087nam0 22002651i 450 001 UON00227000 005 20231205103441.492 100 $a20030730d1968 |0itac50 ba 101 $aspa 102 $aAR 105 $a|||| ||||| 200 1 $aˆLa ‰ tradición intelectual argentina$fJosé Enrique Rodó 210 $aBuenos Aires$cEUDEBA$d1968. 136 p. ; 18 cm. 410 1$1001UON00176419$12001 $aAmérica$1210 $aBuenos Aires$cEUDEBA 606 $aLetteratura argentina $xCritica$3UONC048774$2FI 620 $aAR$dBuenos Aires$3UONL000389 676 $aAr860$cLetteratura argentina$v21 700 1$aRODÓ$bJosé Enrique$3UONV121375$0416845 712 $aEditorial Universitaria de Buenos Aires$3UONV268550$4650 801 $aIT$bSOL$c20251017$gRICA 899 $aSIBA - SISTEMA BIBLIOTECARIO DI ATENEO$2UONSI 912 $aUON00227000 950 $aSIBA - SISTEMA BIBLIOTECARIO DI ATENEO$dSI Ur 860 a 045 $eSI SP 6743 5 045 $sBuono 996 $aTradición intelectual argentina$91270933 997 $aUNIOR